Mamíferos, reptiles y ecosistemas del Bloque Cubiro (Casanare) : (Registro nro. 8727)

Detalles MARC
000 -CABECERA
Campo de control 01216nam a22002777a 4500
005 - FECHA Y HORA DE LA ULTIMA TRANSACCION
Campo de control 20160316020002.0
008 - ELEMENTOS DE LONGITUD FIJA—INFORMACION GENERAL
Campo de control 14924 s2011 ck ab gr 000 0dspa d
020 ## - ISBN
ISBN 9789587196030
040 ## - FUENTE DE CATALOGACIÓN
Agencia catalogadora original CO-BoIAVH
Agencia transcriptora CO-BoIAVH
041 0# - IDIOMA
Código de idioma para texto/pista de sonido o título separado Español
044 ## - PAÍS DE PUBLICACIÓN
País de publicación Colombia
082 04 - NUMERO DE CLASIFICACION DECIMAL DEWEY
Número de clasificación 333.72
Número del ítem A28m
100 1# - ASIENTO PRINCIPAL--NOMBRE PERSONAL
Nombre personal Ahumada, Jorge
245 10 - MENCION DE TITULO
Título Mamíferos, reptiles y ecosistemas del Bloque Cubiro (Casanare) :
Parte restante del título Educación Ambiental para la Conservación
Mención de responsabilidad editor Tomás León Sicard ; autores Jorge Andersson Ahumada ... [et al.].
260 3# - PUBLICACION, DISTRIBUCION, ETC. (PIE DE IMPRENTA)
Lugar de publicación, distribución, etc. Bogotá :
Nombre del editor, distribuidor, etc. Universidad Nacional de Colombia. Facultad de Ciencias. Departamento de Biología. IDEA,
Fecha de publicación, distribución, etc. 2011.
300 ## - DESCRIPCION FISICA
Extensión 429 p. :
Otros detalles físicos il.
Dimensiones 23 cm. +
Material acompañante 1 CD-Rom.
504 ## - NOTA DE BIBLIOGRAFIA, ETC.
Nota de bibliografía Incluye bibliografía.
650 #4 - ASIENTO SECUNDARIO DE MATERIA - TERMINO TEMATICO
Término temático o nombre geográfico como elemento de entrada Protección del medio ambiente
Subdivisión general Enseñanza
Subdivisión geográfica Casanare (Colombia)
650 #4 - ASIENTO SECUNDARIO DE MATERIA - TERMINO TEMATICO
Término temático o nombre geográfico como elemento de entrada Conservación de los recursos naturales
Subdivisión geográfica Casanare (Colombia)
650 #4 - ASIENTO SECUNDARIO DE MATERIA - TERMINO TEMATICO
Término temático o nombre geográfico como elemento de entrada Reptiles
Subdivisión geográfica Casanare (Colombia)
650 #6 - ASIENTO SECUNDARIO DE MATERIA - TERMINO TEMATICO
Término temático o nombre geográfico como elemento de entrada Mamíferos
Subdivisión geográfica Casanare (Colombia)
650 #4 - ASIENTO SECUNDARIO DE MATERIA - TERMINO TEMATICO
Término temático o nombre geográfico como elemento de entrada Educación ambiental
Subdivisión geográfica Casanare (Colombia)
700 1# - ASIENTO SECUNDARIO - NOMBRE PERSONAL
Nombre personal León-Sicard, Tomás Enrique,
Término de relación ed.
700 1# - ASIENTO SECUNDARIO - NOMBRE PERSONAL
Nombre personal Ahumada, Jorge Andersson.
942 ## - ELEMENTOS ADICIONALES (KOHA)
Sistema de clasificación Dewey Decimal Classification
Tipo de ítem Libro
Koha issues (borrowed), all copies 3
Existencias
Withdrawn status Lost status Sistema de Clasificación Damaged status No para préstamo Colección Inventariado Ubicación Permanente Ubicación actual Fecha de adquisición Fuente de Valor Valor Total Checkouts Número topográfico Inventario / Código de Barras Date last seen Date checked out Ejemplar Price effective from Forma de adquisición Tipo de material
    Dewey Decimal Classification     General Inventariado 2017 Bogotá Bogotá 24/09/2014 Instituto 39000.00 1 LB-333.72 A28m 034990 05/11/2014 04/11/2014 Ej. 1 24/09/2014   Libro
    Dewey Decimal Classification     Audiovisual   Bogotá Bogotá 04/11/2014     1 LB-333.72 A28m 034989 05/11/2014 04/11/2014 Ej. 2 04/11/2014 Donación CD-ROM
    Dewey Decimal Classification     General Inventariado 2017 Bogotá Bogotá 05/06/2015 Instituto 39000.00 1 LB-333.72 A28m 039036 15/03/2016 15/03/2016 Ej. 3 05/06/2015   Libro
    Dewey Decimal Classification     Audiovisual   Bogotá Bogotá 05/06/2015       LB-333.72 A28m 039035 05/06/2015   Ej. 4 05/06/2015   CD-ROM